000 00593nam a2200181Ia 4500
008 090124s9999 xx 000 0 und d
082 _b109215
100 _aखाडीलकर उषा
245 _a सुधारणेच्या भोवऱ्यांत
250 _a1
260 _c1961
300 _a38
600 _aखाडीलकर उषा
630 _a सुधारणेच्या भोवऱ्यांत
700 _aखाडीलकर उषा
730 _a सुधारणेच्या भोवऱ्यांत
942 _cBOOK
999 _c155306
_d155306